Monarchs of WWI - Statistics

General Stats
  • This quiz has been taken 261 times
  • The average score is 10 of 35
Answer Stats
% Correct
N Albania 1914-1914 (1925) I VIdi
86%
A United Kingdom 1910-1936 V George
81%
C Germany 1888-1918 II Wilhelm
81%
A Russia 1894-1917 II Nicholas
79%
C Austria-Hungary 1916-1918 I & IV Charles
59%
A Belgium 1909-1934 I Albert
48%
N Monaco 1889-1922 I Albert
48%
C Bulgaria 1887-1918 I Ferdinand
41%
A Romania 1914-1927 I Ferdinand
41%
N Denmark 1912-1947 X Christian
39%
C Austria-Hungary 1848-1916 Franz Josef
36%
N Spain 1886-1931 XIII Alfonso
35%
A Romania 1866-1914 I Carol
35%
A Italy 1900-1946 III Victor Emmanuel
35%
A Greece 1913-1917 I Constantine
32%
N Sweden 1907-1950 V Gustaf
32%
C Ottoman Empire 1909-1918 V Mehmed
32%
A Serbia 1903-1921 I Peter
28%
N Norway 1905-1957 VII Haakon
25%
N Netherlands 1890-1948 Wilhelmina
23%
N Montenegro 1860-1918 I Nikola
12%
A Japan 1912-1926 Yoshihito
12%
A Siam 1910-1925 VI Rama
10%
C Dervish State 1899-1920 Mohammed Abdullah Hassan
7%
N Mongolia 1911-1919, 1921-1924 Bogd Khan
5%
N Liechtenstein 1858-1929 II Johann
5%
N Luxembourg 1912-1919 Marie Adelaide
4%
N Afghanistan 1901-1919 I Habibu'llah Khan
2%
N Persia 1909-1925 Ahmad Shah Qajar
1%
N *Ethiopia 1913-1916 V Iyasu
1%
C Jabal Shammar 1898-1920 Saud bin Abdulaziz
1%
N Bhutan 1907-1926 Ugyen Wangchuck
1%
N Ethiopia 1916-1930 Zewditu
1%
C Darfur 1899-1916 Ali Dinar
0%
A Nepal 1911-1950 Tribhuvan Bir Bikram Shah
0%
No matching quizzes found
Score Distribution
Percent of People with Each Score
Percentile by Number Answered
Your Score History
You have not taken this quiz